000 00575nam a2200229Ia 4500
003 OSt
005 20221005120115.0
006 a|||||r|||| 00| 0
007 ta
008 221004b |||||||| |||| 00| 0 kan d
024 _a60900
037 _cTextual
040 _aCRL
_cCRL
_bkan
041 _2kan
_akan
082 _aO33,3NGE,2, L0
100 _aKulkarni Geeta Au.
_9628545
245 0 _aDeepa minchithu
260 _c1970
650 _aKANNAD FICTION
942 _hO33,3NGE,2, L0
_cTEXL
_2cc
999 _c1036898
_d1036898